[Event "Rome ASR op"]
[Site "Rome"]
[Date "2011.09.29"]
[Round "3"]
[White "Fargnoli, Maurizio"]
[Black "Condemi de Felice, Alfonso"]
[Result "0-1"]
[WhiteElo "1660"]
[BlackElo "1878"]
[PlyCount "68"]
[EventDate "2011.09.15"]
[EventType "swiss"]
[EventRounds "5"]
[EventCountry "ITA"]
[SourceTitle "EXT 2024"]
[Source "ChessBase"]
[SourceDate "2023.10.10"]
[SourceVersion "1"]
[SourceVersionDate "2023.10.10"]
[SourceQuality "1"]

1. e4 g6 2. d4 Bg7 3. Nf3 d6 4. h3 Nf6 5. Bd3 Nc6 6. c3 e5 7. Be3 0-0 8. 0-0 Re8 9. Nbd2 a6 10. Rc1 b5 11. Nh2 Bb7 12. d5 Ne7 13. Ng4 Nxg4 14. hxg4 c6 15. dxc6 Bxc6 16. f4 exf4 17. Bxf4 d5 18. Qf3 Nc8 19. exd5 Qxd5 20. Be4 Rxe4 21. Nxe4 Qxe4 22. Qf2 Qe8 23. Qc5 Bf8 24. Qf2 Ra7 25. Rce1 Re7 26. Be3 Nd6 27. Bd4 f5 28. gxf5 Nxf5 29. Bc5 Rxe1 30. Rxe1 Qf7 31. Rd1 Bxc5 32. Qxc5 Qe8 33. Kh2 Bxg2 34. Kxg2 Qe2+ 0-1

[Event "Rome Cittadino La Lupa"]
[Site "Rome"]
[Date "2011.05.27"]
[Round "5"]
[White "Condemi de Felice, Alfonso"]
[Black "Sacco, Davide"]
[Result "1/2-1/2"]
[WhiteElo "1883"]
[BlackElo "1624"]
[PlyCount "91"]
[EventDate "2011.05.05"]
[EventType "swiss"]
[EventRounds "7"]
[EventCountry "ITA"]
[SourceTitle "EXT 2024"]
[Source "ChessBase"]
[SourceDate "2023.10.10"]
[SourceVersion "1"]
[SourceVersionDate "2023.10.10"]
[SourceQuality "1"]

1. d4 d5 2. Nf3 c5 3. e3 Nc6 4. Bd3 Bg4 5. 0-0 cxd4 6. exd4 Qc7 7. c3 0-0-0 8. Nbd2 f6 9. Qc2 g6 10. h3 Be6 11. Re1 Bf7 12. b4 e6 13. Nb3 Bd6 14. b5 Nb8 15. Bd2 e5 16. dxe5 Bxe5 17. Rac1 b6 18. Nbd4 Ne7 19. a4 Rhe8 20. Qb1 Nd7 21. Nxe5 fxe5 22. Nb3 Kb8 23. a5 Rc8 24. axb6 axb6 25. Qb2 Kb7 26. Ra1 Ra8 27. Ra6 Rxa6 28. bxa6+ Ka7 29. Be3 Nf5 30. Bd2 Nc5 31. Nxc5 Qxc5 32. Qb5 Qxb5 33. Bxb5 Re6 34. Be3 Nxe3 35. Rxe3 Be8 36. c4 d4 37. Rd3 Bxb5 38. cxb5 Rd6 39. Kf1 Rd5 40. Rb3 Rc5 41. Ke2 e4 42. Kd2 g5 43. Rb4 h6 44. g4 Rd5 45. Kc2 Rc5+ 46. Kd2 1/2-1/2

[Event "Rome Accademia Autumn"]
[Site "Rome"]
[Date "2010.10.10"]
[Round "4"]
[White "Tosi, Francesco"]
[Black "Condemi de Felice, Alfonso"]
[Result "1-0"]
[WhiteElo "1824"]
[BlackElo "1907"]
[PlyCount "63"]
[EventDate "2010.10.08"]
[EventType "swiss"]
[EventRounds "5"]
[EventCountry "ITA"]
[SourceTitle "EXT 2024"]
[Source "ChessBase"]
[SourceDate "2023.10.10"]
[SourceVersion "1"]
[SourceVersionDate "2023.10.10"]
[SourceQuality "1"]

1. Nf3 g6 2. e4 Bg7 3. d4 d6 4. c3 Nd7 5. Bc4 Nb6 6. Bb3 Nf6 7. Qe2 0-0 8. a4 a5 9. 0-0 Bg4 10. Bf4 c6 11. Nbd2 Nh5 12. Be3 d5 13. h3 Bxf3 14. Qxf3 Nf6 15. Bg5 h6 16. Bh4 g5 17. Bg3 Qd7 18. e5 Ne8 19. Qd3 f5 20. exf6 Nxf6 21. Bc2 e6 22. h4 g4 23. b3 Bh8 24. Rac1 Rac8 25. Qe3 Qg7 26. Bf4 Qe7 27. Bxh6 Rf7 28. Bg6 Nbd7 29. Bxf7+ Qxf7 30. Bg5 b6 31. Qg3 c5 32. Rc2 1-0

[Event "Rome Accademia Autumn"]
[Site "Rome"]
[Date "2010.10.09"]
[Round "3"]
[White "Condemi de Felice, Alfonso"]
[Black "Chiaretti, Roberto"]
[Result "0-1"]
[WhiteElo "1907"]
[BlackElo "2188"]
[PlyCount "79"]
[EventDate "2010.10.08"]
[EventType "swiss"]
[EventRounds "5"]
[EventCountry "ITA"]
[SourceTitle "EXT 2024"]
[Source "ChessBase"]
[SourceDate "2023.10.10"]
[SourceVersion "1"]
[SourceVersionDate "2023.10.10"]
[SourceQuality "1"]

1. d4 Nf6 2. Nf3 e6 3. c4 c5 4. e3 d5 5. Nc3 Nc6 6. Bd3 dxc4 7. Bxc4 a6 8. 0-0 b5 9. Be2 Bb7 10. b3 Qc7 11. Bb2 Rd8 12. Rc1 Bd6 13. h3 0-0 14. Qc2 cxd4 15. Nxd4 Nxd4 16. exd4 Bh2+ 17. Kh1 Bf4 18. Nxb5 Qxc2 19. Rxc2 axb5 20. Bxb5 Ra8 21. a4 Rfc8 22. Bd3 Bd5 23. Rxc8+ Rxc8 24. b4 Be4 25. Rd1 Bxd3 26. Rxd3 Ne4 27. Kg1 Rc2 28. Rb3 Nd2 29. Rc3 Rxc3 30. Bxc3 Ne4 31. Bb2 Bd2 32. a5 Nd6 33. a6 Nb5 34. Ba3 Bc3 35. Kf1 Bxd4 36. Bc1 Kf8 37. Ke2 Ke7 38. f3 Kd6 39. Kd3 Kd5 40. Bd2 0-1

[Event "Rome Accademia Winter"]
[Site "Rome"]
[Date "2010.02.13"]
[Round "2"]
[White "Wollenweber, Carsten"]
[Black "Condemi de Felice, Alfonso"]
[Result "1-0"]
[WhiteElo "2131"]
[BlackElo "1916"]
[PlyCount "37"]
[EventDate "2010.02.12"]
[EventType "swiss"]
[EventRounds "5"]
[EventCountry "ITA"]
[SourceTitle "EXT 2024"]
[Source "ChessBase"]
[SourceDate "2023.10.10"]
[SourceVersion "1"]
[SourceVersionDate "2023.10.10"]
[SourceQuality "1"]

1. e4 g6 2. d4 Bg7 3. Nc3 Nc6 4. Nf3 d6 5. h3 Nf6 6. Bc4 0-0 7. 0-0 a6 8. a4 Nd7 9. Re1 Na5 10. Ba2 c5 11. dxc5 Nxc5 12. e5 Nc6 13. exd6 Qxd6 14. Nd5 e5 15. Bg5 Kh8 16. Ne7 Qxd1 17. Raxd1 f6 18. Nxc6 fxg5 19. Ncxe5 1-0

[Event "Rome Nobile Memorial 3rd"]
[Site "Rome"]
[Date "2010.02.11"]
[Round "6"]
[White "Pastore, Cosmas"]
[Black "Condemi de Felice, Alfonso"]
[Result "0-1"]
[WhiteElo "1799"]
[BlackElo "1916"]
[PlyCount "82"]
[EventDate "2010.01.14"]
[EventType "swiss"]
[EventRounds "6"]
[EventCountry "ITA"]
[SourceTitle "EXT 2024"]
[Source "ChessBase"]
[SourceDate "2023.10.10"]
[SourceVersion "1"]
[SourceVersionDate "2023.10.10"]
[SourceQuality "1"]

1. e4 g6 2. d4 Bg7 3. f4 c5 4. Nf3 cxd4 5. Bd3 Nc6 6. Bd2 Nf6 7. Qe2 0-0 8. 0-0 d5 9. e5 Ne4 10. Bc1 Bf5 11. Nbd2 Nxd2 12. Bxd2 Bxd3 13. Qxd3 Qb6 14. Rab1 e6 15. b4 f6 16. b5 Ne7 17. exf6 Bxf6 18. g4 Rae8 19. Kh1 Nc8 20. Ne5 Bxe5 21. fxe5 Rxf1+ 22. Rxf1 Qc5 23. Rf6 Qe7 24. Bh6 Nb6 25. Bg5 Qg7 26. Qd2 Nd7 27. Bh6 Qe7 28. Bg5 Nxf6 29. Bxf6 Qd7 30. a4 Rf8 31. Qxd4 b6 32. c4 Rc8 33. cxd5 Qxd5+ 34. Qxd5 exd5 35. e6 Rc4 36. g5 Rxa4 37. Be5 Re4 38. Bb8 Rxe6 39. Bxa7 d4 40. Bb8 d3 41. Bf4 Re4 0-1

[Event "Rome Nobile Memorial 3rd"]
[Site "Rome"]
[Date "2010.01.14"]
[Round "1"]
[White "Condemi de Felice, Alfonso"]
[Black "Sacco, Davide"]
[Result "1/2-1/2"]
[WhiteElo "1916"]
[BlackElo "1467"]
[PlyCount "107"]
[EventDate "2010.01.14"]
[EventType "swiss"]
[EventRounds "6"]
[EventCountry "ITA"]
[SourceTitle "EXT 2024"]
[Source "ChessBase"]
[SourceDate "2023.10.10"]
[SourceVersion "1"]
[SourceVersionDate "2023.10.10"]
[SourceQuality "1"]

1. d4 Nf6 2. Nf3 e6 3. c4 b6 4. e3 d5 5. Nc3 Bb7 6. cxd5 exd5 7. Bd3 Nbd7 8. 0-0 Be7 9. Qe2 Ne4 10. Nd2 Ndf6 11. f3 Nxd2 12. Bxd2 0-0 13. Rac1 h6 14. a3 c5 15. dxc5 Bxc5 16. b4 Bxe3+ 17. Bxe3 d4 18. Bf2 dxc3 19. Rxc3 Re8 20. Qc2 Rc8 21. Bc4 Re7 22. Rd1 Rd7 23. Rcd3 Rxd3 24. Qxd3 Qxd3 25. Bxd3 Kf8 26. b5 Bd5 27. Bf5 Rc4 28. Bd4 Be6 29. Bxe6 fxe6 30. Be5 Nd5 31. Kf2 Kf7 32. Rd2 g5 33. g3 h5 34. Bb8 Ra4 35. Rd3 Ke7 36. h3 Ra5 37. Rb3 Nf6 38. Ke3 Nd7 39. Bc7 Nc5 40. Rc3 Rxb5 41. g4 hxg4 42. hxg4 Rb3 43. Rxb3 Nxb3 44. f4 gxf4+ 45. Kxf4 b5 46. Ke5 a5 47. g5 Kf7 48. Ke4 b4 49. axb4 axb4 50. Bd6 Nd2+ 51. Kd3 Nf3 52. Bxb4 Nxg5 53. Ke3 Kf6 54. Ba5 1/2-1/2

[Event "Rome Autunno Accademia op"]
[Site "Rome"]
[Date "2007.10.14"]
[Round "5"]
[White "Condemi de Felice, Alfonso"]
[Black "Proietti, Giorgio"]
[Result "1/2-1/2"]
[WhiteElo "2030"]
[BlackElo "1914"]
[PlyCount "79"]
[EventDate "2007.10.12"]
[EventType "swiss"]
[EventRounds "5"]
[EventCountry "ITA"]
[SourceTitle "EXT 2010"]
[Source "ChessBase"]
[SourceDate "2010.11.25"]
[SourceVersion "1"]
[SourceVersionDate "2010.11.25"]
[SourceQuality "1"]

1. d4 Nf6 2. c4 e5 3. dxe5 Ng4 4. e4 Nxe5 5. f4 Nec6 6. a3 a5 7. Nc3 Bc5 8. Nf3 d6 9. Bd3 Nd7 10. Qe2 Qe7 11. Be3 Bxe3 12. Qxe3 Nc5 13. Bc2 b6 14. Nd5 Qd8 15. 0-0 0-0 16. Rad1 Ba6 17. b4 axb4 18. axb4 Bxc4 19. bxc5 Bxf1 20. Kxf1 bxc5 21. e5 f6 22. exf6 gxf6 23. Qe6+ Rf7 24. Bxh7+ Kg7 25. Ng5 Qd7 26. Qxd7 Rxd7 27. Bf5 fxg5 28. Bxd7 Nb4 29. fxg5 Nxd5 30. Rxd5 Ra2 31. h4 Rb2 32. h5 c4 33. h6+ Kf7 34. Be8+ Kxe8 35. h7 Rb1+ 36. Kf2 Rh1 37. g6 Kf8 38. g4 Kg7 39. Rh5 Rxh5 40. gxh5 1/2-1/2